|
|
|
|
| LEADER |
00578cam a2200169 7i4500 |
| 001 |
0000019242 |
| 005 |
20070515090000.0 |
| 020 |
0 |
0 |
|a 0-8213-6541- X
|
| 090 |
0 |
0 |
|a I 330.91724
|b WOR
|
| 110 |
2 |
0 |
|a The World Bank
|
| 245 |
2 |
0 |
|a World development report :
|b 2007 :
|b 2007 :
|b development and the next generation.
|
| 260 |
0 |
0 |
|a Washington, D.C:
|b The World Bank,
|c 2007.
|
| 300 |
# |
# |
|a 317 p.
|
| 650 |
0 |
0 |
|a Economic development
|
| 650 |
0 |
0 |
|a Development
|
| 999 |
|
|
|a B000019941
|b Book
|c International
|e Business Information Centre
|
| 999 |
|
|
|a 0000021032
|b Book
|c International
|e Business Information Centre
|